Wanderings in Czechoslovakia

Bibliographic Details
Main Author: Druce, Gerald, 1894-1950 (Author)
Format: Book
Language:English
Undetermined
PhysicalDescription:107 s., 32 s. fotogr. príl. mp. 21 cm
Published: London Williams et Norgate 1930
Subjects:

MARC

LEADER 00000cam a2200000 a 4500
001 vtls008499828
003 SK-MaSNL
005 20260311150430.0
008 251104e1930 xxko g 001 0 eng
035 |a urn:nbn:sk:snk-am00d8ri 
035 |a urn:nbn:sk:snk-am3htiq 
035 |a A5110301-3293-476F-B62A-7717532D6DD7 
040 |a SNK  |b slo  |c SNK  |e AACR2 
041 1 |a eng  |h und 
043 |a e-cs--- 
044 |a xxk  |c GB 
080 |a (437)  |2 2011 
080 |a 904(437)  |2 2001 
080 |a (0:82-992)  |2 2011 
100 1 |a Druce, Gerald,  |d 1894-1950  |4 aut  |9 53763 
245 1 0 |a Wanderings in Czechoslovakia  |c by Gerald Druce 
260 |a London  |b Williams et Norgate  |c 1930 
300 |a 107 s., 32 s. fotogr. príl.  |b mp.  |c 21 cm 
651 7 |a Československo  |2 SNKPH  |9 21376 
651 7 |a Czechoslovakia  |2 SNKPHeng  |9 265183 
655 7 |a cestopisy  |2 SNKPH  |9 70220 
655 7 |a Books of travels  |2 SNKPHeng  |9 280380 
852 |a Slovenská národná knižnica 
958 |a EUIPO 
958 |a OND 
999 |c 1167113  |d 1169043 
952 |a SNK  |b SNK  |y VYP  |7 0  |p 17A0557088  |o snkSD 5332 D1  |i snkK 3335/72  |8 3  |3 rekatalogizácia  |0 0  |1 0  |4 0  |d 2007-07-04  |l 0  |r 2026-02-24 20:52:08  |w 2026-02-24 
952 |a SNK  |b SNK  |y PREZ  |7 0  |p 17A0908421  |o snkSD 5332  |i snk1491/46  |0 0  |1 0  |4 0  |d 2018-09-04  |f 1  |l 0  |r 2025-11-12 00:00:00  |w 2026-02-24